Kraje, z którymi graniczą sąsiedzi Polski - Statystyki

Ogólne statystyki
  • Ten quiz został rozwiązany 75 razy
  • Średni wynik to 43 z 48
Statystyki odpowiedzi
Lp Sąsiad Polski Kraj, z którym graniczy % Poprawnych
1 Niemcy Austria
98%
10 Czechy Austria
98%
18 Słowacja Austria
98%
3 Niemcy Czechy
97%
14 Słowacja Czechy
97%
5 Niemcy Francja
97%
25 Ukraina Rosja
97%
29 Białoruś Rosja
97%
31 Litwa Rosja
97%
13 Czechy Słowacja
97%
21 Ukraina Słowacja
97%
27 Białoruś Litwa
95%
47 Rosja Litwa
95%
28 Białoruś Łotwa
95%
34 Litwa Łotwa
95%
38 Rosja Łotwa
95%
2 Niemcy Belgia
93%
7 Niemcy Luksemburg
93%
8 Niemcy Polska
93%
12 Czechy Polska
93%
15 Słowacja Polska
93%
20 Ukraina Polska
93%
26 Białoruś Polska
93%
32 Litwa Polska
93%
48 Rosja Polska
93%
19 Ukraina Białoruś
92%
33 Litwa Białoruś
92%
39 Rosja Białoruś
92%
4 Niemcy Dania
92%
6 Niemcy Holandia
92%
17 Słowacja Ukraina
92%
30 Białoruś Ukraina
92%
40 Rosja Ukraina
92%
16 Słowacja Węgry
92%
22 Ukraina Węgry
92%
9 Niemcy Szwajcaria
90%
37 Rosja Estonia
88%
44 Rosja Chiny
87%
23 Ukraina Rumunia
87%
43 Rosja Kazachstan
83%
45 Rosja Mongolia
82%
24 Ukraina Mołdawia
80%
36 Rosja Finlandia
77%
46 Rosja Korea Północna
77%
11 Czechy Niemcy
77%
41 Rosja Gruzja
75%
42 Rosja Azerbejdżan
72%
35 Rosja Norwegia
68%
Nie znaleziono quizów pasujących do podanych kryteriów
Rozkład punktacji
Procent ludzi z każdym wynikiem
Percentyl według liczby udzielonych odpowiedzi
Twoja historia wyników
Nie rozwiązałeś tego quizu